Úrokové riziko bankovní knihy

Obsahové vymedzenie pojmu úrokové riziko bankovej knihy (IRRBB). Meranie IRRBB, jeho predpoklady.

Na minha lista:
Detalhes bibliográficos
Autor principal: Ketzer, Jaroslav
Formato: Capítulo de Livro
Idioma:tcheco
Assuntos:
Tags: Adicionar Tag
Sem tags, seja o primeiro a adicionar uma tag!

MARC

LEADER 00000naa a2200000 4500
001 0246468
005 20180718103925.1
041 0 |a cze 
044 |a CZ 
245 1 0 |a Úrokové riziko bankovní knihy  |c Jaroslav Ketzer 
520 |a Obsahové vymedzenie pojmu úrokové riziko bankovej knihy (IRRBB). Meranie IRRBB, jeho predpoklady. 
610 2 0 |a riziko úverové 
610 2 0 |a služby bankové 
610 2 0 |a riadenie rizík 
610 2 0 |a sadzby úrokové 
610 2 0 |a opcie 
610 2 0 |a regulácia finančná 
610 2 0 |a testovanie stresové 
100 1 |a Ketzer, Jaroslav